<?xml version="1.0" encoding="UTF-8"?>
<record
    xmlns:xsi="http://www.w3.org/2001/XMLSchema-instance"
    xsi:schemaLocation="http://www.loc.gov/MARC21/slim http://www.loc.gov/standards/marcxml/schema/MARC21slim.xsd"
    xmlns="http://www.loc.gov/MARC21/slim">

  <leader>00458nam a22001697a 4500</leader>
  <controlfield tag="005">20180905140735.0</controlfield>
  <controlfield tag="008">160523b        xxu||||| |||| 00| 0 eng d</controlfield>
  <datafield tag="020" ind1=" " ind2=" ">
    <subfield code="a">978-0-07014662-4</subfield>
  </datafield>
  <datafield tag="041" ind1=" " ind2=" ">
    <subfield code="a">eng</subfield>
  </datafield>
  <datafield tag="082" ind1=" " ind2=" ">
    <subfield code="b">4246</subfield>
    <subfield code="a">658.403</subfield>
  </datafield>
  <datafield tag="100" ind1=" " ind2=" ">
    <subfield code="a">Jawadekar, W.S.</subfield>
    <subfield code="9">1055</subfield>
  </datafield>
  <datafield tag="245" ind1=" " ind2=" ">
    <subfield code="a">Management Information Systems: a digital firm perspective</subfield>
  </datafield>
  <datafield tag="260" ind1=" " ind2=" ">
    <subfield code="a">New Delhi</subfield>
    <subfield code="b">Academic Faundation </subfield>
    <subfield code="c">2010</subfield>
  </datafield>
  <datafield tag="300" ind1=" " ind2=" ">
    <subfield code="a">809p,</subfield>
  </datafield>
  <datafield tag="650" ind1=" " ind2=" ">
    <subfield code="a">Management</subfield>
    <subfield code="9">241</subfield>
  </datafield>
  <datafield tag="942" ind1=" " ind2=" ">
    <subfield code="c">BK</subfield>
  </datafield>
  <datafield tag="999" ind1=" " ind2=" ">
    <subfield code="c">1438</subfield>
    <subfield code="d">1438</subfield>
  </datafield>
  <datafield tag="952" ind1=" " ind2=" ">
    <subfield code="0">0</subfield>
    <subfield code="1">0</subfield>
    <subfield code="4">0</subfield>
    <subfield code="7">0</subfield>
    <subfield code="8">MANAGEMENT</subfield>
    <subfield code="a">JRU</subfield>
    <subfield code="b">JRU</subfield>
    <subfield code="c">SHELF- 69 C</subfield>
    <subfield code="d">2016-05-23</subfield>
    <subfield code="l">1</subfield>
    <subfield code="o">658.403</subfield>
    <subfield code="p">4246</subfield>
    <subfield code="r">2023-05-11 00:00:00</subfield>
    <subfield code="s">2023-04-28</subfield>
    <subfield code="w">2016-05-23</subfield>
    <subfield code="y">BK</subfield>
  </datafield>
  <datafield tag="952" ind1=" " ind2=" ">
    <subfield code="0">0</subfield>
    <subfield code="1">0</subfield>
    <subfield code="4">0</subfield>
    <subfield code="7">0</subfield>
    <subfield code="8">MANAGEMENT</subfield>
    <subfield code="a">JRU</subfield>
    <subfield code="b">JRU</subfield>
    <subfield code="c">SHELF- 69 C</subfield>
    <subfield code="d">2016-05-23</subfield>
    <subfield code="l">2</subfield>
    <subfield code="m">1</subfield>
    <subfield code="o">658.403</subfield>
    <subfield code="p">4247</subfield>
    <subfield code="r">2021-04-16 00:00:00</subfield>
    <subfield code="s">2021-04-12</subfield>
    <subfield code="w">2016-05-23</subfield>
    <subfield code="y">BK</subfield>
  </datafield>
  <datafield tag="952" ind1=" " ind2=" ">
    <subfield code="0">0</subfield>
    <subfield code="1">0</subfield>
    <subfield code="4">0</subfield>
    <subfield code="7">0</subfield>
    <subfield code="8">REF</subfield>
    <subfield code="a">JRU</subfield>
    <subfield code="b">MAIN</subfield>
    <subfield code="c">SHELF-29-B</subfield>
    <subfield code="d">2016-05-23</subfield>
    <subfield code="l">0</subfield>
    <subfield code="o">658.403</subfield>
    <subfield code="p">4248</subfield>
    <subfield code="r">2016-05-23 00:00:00</subfield>
    <subfield code="w">2016-05-23</subfield>
    <subfield code="y">BK</subfield>
  </datafield>
  <datafield tag="952" ind1=" " ind2=" ">
    <subfield code="0">0</subfield>
    <subfield code="1">0</subfield>
    <subfield code="4">0</subfield>
    <subfield code="7">0</subfield>
    <subfield code="8">MANAGEMENT</subfield>
    <subfield code="a">JRU</subfield>
    <subfield code="b">JRU</subfield>
    <subfield code="c">SHELF- 69 C</subfield>
    <subfield code="d">2016-05-23</subfield>
    <subfield code="l">0</subfield>
    <subfield code="o">658.403</subfield>
    <subfield code="p">4249</subfield>
    <subfield code="r">2016-05-23 00:00:00</subfield>
    <subfield code="w">2016-05-23</subfield>
    <subfield code="y">BK</subfield>
  </datafield>
  <datafield tag="952" ind1=" " ind2=" ">
    <subfield code="0">0</subfield>
    <subfield code="1">0</subfield>
    <subfield code="4">0</subfield>
    <subfield code="7">0</subfield>
    <subfield code="8">MANAGEMENT</subfield>
    <subfield code="a">JRU</subfield>
    <subfield code="b">JRU</subfield>
    <subfield code="c">SHELF- 69 C</subfield>
    <subfield code="d">2016-05-23</subfield>
    <subfield code="l">2</subfield>
    <subfield code="o">658.403</subfield>
    <subfield code="p">4250</subfield>
    <subfield code="r">2022-07-12 00:00:00</subfield>
    <subfield code="s">2022-07-08</subfield>
    <subfield code="w">2016-05-23</subfield>
    <subfield code="y">BK</subfield>
  </datafield>
  <datafield tag="952" ind1=" " ind2=" ">
    <subfield code="0">0</subfield>
    <subfield code="1">0</subfield>
    <subfield code="4">0</subfield>
    <subfield code="7">0</subfield>
    <subfield code="8">MANAGEMENT</subfield>
    <subfield code="a">JRU</subfield>
    <subfield code="b">JRU</subfield>
    <subfield code="c">SHELF- 69 C</subfield>
    <subfield code="d">2016-05-23</subfield>
    <subfield code="l">0</subfield>
    <subfield code="o">658.403</subfield>
    <subfield code="p">4251</subfield>
    <subfield code="r">2016-05-23 00:00:00</subfield>
    <subfield code="w">2016-05-23</subfield>
    <subfield code="y">BK</subfield>
  </datafield>
  <datafield tag="952" ind1=" " ind2=" ">
    <subfield code="0">0</subfield>
    <subfield code="1">0</subfield>
    <subfield code="4">0</subfield>
    <subfield code="7">0</subfield>
    <subfield code="8">MANAGEMENT</subfield>
    <subfield code="a">JRU</subfield>
    <subfield code="b">JRU</subfield>
    <subfield code="c">SHELF- 69 C</subfield>
    <subfield code="d">2016-05-23</subfield>
    <subfield code="l">0</subfield>
    <subfield code="o">658.403</subfield>
    <subfield code="p">4252</subfield>
    <subfield code="r">2016-05-23 00:00:00</subfield>
    <subfield code="w">2016-05-23</subfield>
    <subfield code="y">BK</subfield>
  </datafield>
  <datafield tag="952" ind1=" " ind2=" ">
    <subfield code="0">0</subfield>
    <subfield code="1">0</subfield>
    <subfield code="4">0</subfield>
    <subfield code="7">0</subfield>
    <subfield code="8">MANAGEMENT</subfield>
    <subfield code="a">JRU</subfield>
    <subfield code="b">JRU</subfield>
    <subfield code="c">SHELF- 69 C</subfield>
    <subfield code="d">2016-05-23</subfield>
    <subfield code="l">5</subfield>
    <subfield code="o">658.403</subfield>
    <subfield code="p">4253</subfield>
    <subfield code="r">2020-03-05 00:00:00</subfield>
    <subfield code="s">2020-03-02</subfield>
    <subfield code="w">2016-05-23</subfield>
    <subfield code="y">BK</subfield>
  </datafield>
  <datafield tag="952" ind1=" " ind2=" ">
    <subfield code="0">0</subfield>
    <subfield code="1">0</subfield>
    <subfield code="4">0</subfield>
    <subfield code="7">0</subfield>
    <subfield code="8">MANAGEMENT</subfield>
    <subfield code="a">JRU</subfield>
    <subfield code="b">JRU</subfield>
    <subfield code="c">SHELF- 69 C</subfield>
    <subfield code="d">2016-05-23</subfield>
    <subfield code="l">2</subfield>
    <subfield code="m">1</subfield>
    <subfield code="o">658.403</subfield>
    <subfield code="p">4254</subfield>
    <subfield code="r">2019-11-07 00:00:00</subfield>
    <subfield code="s">2019-11-07</subfield>
    <subfield code="w">2016-05-23</subfield>
    <subfield code="y">BK</subfield>
  </datafield>
  <datafield tag="952" ind1=" " ind2=" ">
    <subfield code="0">0</subfield>
    <subfield code="1">0</subfield>
    <subfield code="4">0</subfield>
    <subfield code="7">0</subfield>
    <subfield code="8">MANAGEMENT</subfield>
    <subfield code="a">JRU</subfield>
    <subfield code="b">JRU</subfield>
    <subfield code="c">SHELF- 69 C</subfield>
    <subfield code="d">2016-05-23</subfield>
    <subfield code="l">0</subfield>
    <subfield code="o">658.403</subfield>
    <subfield code="p">4255</subfield>
    <subfield code="r">2016-05-23 00:00:00</subfield>
    <subfield code="w">2016-05-23</subfield>
    <subfield code="y">BK</subfield>
  </datafield>
</record>
